000 01117nam a2200241Ia 4500
003 CO-CtgCURN
005 20250410234024.0
008 190725s2004 xx 000 0 und d
020 _a9508570199
040 _aCO-CtgCURN
_bspa
_ccoctgcurn
082 _a658.409
_bM667
100 _aMintzberg, Henry
_eautor
_95962
245 0 _aLiderazgo /
_cHenry Mintzberg
260 _aBuenos Aires, Argentina :
_bDeusto,
_c2004
300 _a250 páginas ;
_c20 centímetros
505 _aCap.1. El trabajo del directivo -- Cap.2. Lo que de verdad hacen los lideres -- Cap.3. Directivos y lideres -- Cap.4. La disciplina de fortalecer el carácter -- Cap.5. Los sistemas de liderazgo de los consejeros delegados -- Cap.6. El lado humano de la gestión -- Cap.7. El trabajo del liderazgo -- Cap.8. ¿Qué fue del directivo que asumía el mando?.
521 _aAREA BASICA
590 _aTodos los programas acádemicos
650 _aAdministración de empresas
_95963
650 _aLiderazgo
_95964
942 _cBK
_h658.409
_iM667
_2ddc
_n0
999 _c30281
_d30281